<?xml version="1.0" encoding="UTF-8"?>
<collection xmlns="http://www.loc.gov/MARC21/slim">
<record>
  <controlfield tag="001">127051</controlfield>
  <controlfield tag="005">20230830121848.0</controlfield>
  <datafield tag="037" ind1=" " ind2=" ">
    <subfield code="a">TESIS-2023-133</subfield>
  </datafield>
  <datafield tag="041" ind1=" " ind2=" ">
    <subfield code="a">spa</subfield>
  </datafield>
  <datafield tag="100" ind1="1" ind2=" ">
    <subfield code="a">Elyasin Alabdullah, Zoya</subfield>
  </datafield>
  <datafield tag="245" ind1="0" ind2="0">
    <subfield code="a">Secuencias marco: estrategias conversaciones en la variedad árabe siria y su comparación con el español peninsular</subfield>
  </datafield>
  <datafield tag="260" ind1=" " ind2=" ">
    <subfield code="a">Zaragoza</subfield>
    <subfield code="b">Universidad de Zaragoza, Prensas de la Universidad</subfield>
    <subfield code="c">2023</subfield>
  </datafield>
  <datafield tag="300" ind1=" " ind2=" ">
    <subfield code="a">332</subfield>
  </datafield>
  <datafield tag="490" ind1="0" ind2=" ">
    <subfield code="a">Tesis de la Universidad de Zaragoza</subfield>
    <subfield code="x">2254-7606</subfield>
    <subfield code="v">2023-132</subfield>
  </datafield>
  <datafield tag="500" ind1=" " ind2=" ">
    <subfield code="a">Presentado:  14 04 2023</subfield>
  </datafield>
  <datafield tag="502" ind1=" " ind2=" ">
    <subfield code="a">Tesis-Univ. Zaragoza,  , 2023</subfield>
    <subfield code="b">Zaragoza, Universidad de Zaragoza</subfield>
    <subfield code="c">2023</subfield>
  </datafield>
  <datafield tag="520" ind1=" " ind2=" ">
    <subfield code="a">El objetivo central de la tesis es el análisis de las estrategias conversacionales empleadas en las secuencias marco en el  árabe sirio y su comparación con el español peninsular.&lt;br />Se trata de las secuencias de aperturas conversacionales como pueden ser los presaludos, los saludos propiamente dichos, las presentaciones y las identificaciones telefónicas y también de las secuencias de cierres conversacionales como los estrategias de precierres, de despedidas, de agradecimientos y de intercambio de deseos.&lt;br /> Para ello, se recogió un corpus propio de la variedad lingüística de Damasco, como sistema lingüístico representativo de la variedad árabe siria, acompañando los textos recogidos por su respectiva transcripción y traducción al español, tanto su traducción literal como en la funcional. &lt;br />Paralelamente, se compararon dichas estrategias conversacionales con lo que ocurre en el español peninsular. Para esta última tarea se han recogido nuevamente datos mediante la elaboración de cuestionarios y el posterior tratamiento de los datos conseguidos.&lt;br />La comparación de estas estrategias que se llevan a cabo durante la conversación cotidiana refleja el tipo de sociedad que es tanto la siria como la española y contribuye a conocer las similitudes y diferencias entre estas dos culturas.&lt;br /></subfield>
  </datafield>
  <datafield tag="506" ind1=" " ind2=" ">
    <subfield code="a">all-rights-reserved</subfield>
  </datafield>
  <datafield tag="520" ind1=" " ind2=" ">
    <subfield code="a">&lt;br /></subfield>
  </datafield>
  <datafield tag="521" ind1=" " ind2=" ">
    <subfield code="9">7072</subfield>
    <subfield code="a">Programa de Doctorado en Lingüística Hispánica</subfield>
  </datafield>
  <datafield tag="653" ind1="1" ind2=" ">
    <subfield code="a">ciencias de las artes y las letras</subfield>
  </datafield>
  <datafield tag="700" ind1=" " ind2=" ">
    <subfield code="a">Horno Chéliz, María Del Carmen </subfield>
    <subfield code="e">dir.</subfield>
  </datafield>
  <datafield tag="700" ind1=" " ind2=" ">
    <subfield code="a">Vicente Sánchez, María Ángeles </subfield>
    <subfield code="e">dir.</subfield>
  </datafield>
  <datafield tag="710" ind1="2" ind2=" ">
    <subfield code="a">Universidad de Zaragoza</subfield>
    <subfield code="b"> </subfield>
  </datafield>
  <datafield tag="830" ind1=" " ind2=" ">
    <subfield code="9">484</subfield>
  </datafield>
  <datafield tag="856" ind1="0" ind2=" ">
    <subfield code="f">cdeurop@unizar.es</subfield>
  </datafield>
  <datafield tag="856" ind1="4" ind2=" ">
    <subfield code="u">http://zaguan.unizar.es/record/127051/files/TESIS-2023-133.pdf</subfield>
    <subfield code="z">Texto completo (spa)</subfield>
    <subfield code="s">4515213</subfield>
  </datafield>
  <datafield tag="909" ind1="C" ind2="O">
    <subfield code="o">oai:zaguan.unizar.es:127051</subfield>
    <subfield code="p">driver</subfield>
    <subfield code="p">tesis</subfield>
  </datafield>
  <datafield tag="910" ind1="2" ind2=" ">
    <subfield code="a">Artes y Humanidades</subfield>
    <subfield code="b"> </subfield>
  </datafield>
  <datafield tag="980" ind1=" " ind2=" ">
    <subfield code="a">TESIS</subfield>
  </datafield>
</record>
</collection>